El cristianismo y sus héroes. (Record no. 195421)

MARC details
000 -LEADER
campo de control de longitud fija 01497nam a2200361 i 4500
001 - NÚMERO DE CONTROL
campo de control 195421
003 - IDENTIFICADOR DE NÚMERO DE CONTROL
campo de control SpMaBN
005 - FECHA Y HORA DE LA ÚLTIMA TRANSACCIÓN
campo de control 20250825062738.0
007 - CAMPO FIJO DE DESCRIPCIÓN FÍSICA--INFORMACIÓN GENERAL
campo de control de longitud fija ta
008 - DATOS DE LONGITUD FIJA--INFORMACIÓN GENERAL
campo de control de longitud fija 240611q19-- sp spa
016 7# - NÚMERO DE CONTROL DE UNA AGENCIA BIBLIOGRÁFICA NACIONAL
Número de control del registro bimoBNE19971665682
Número de control cancelado/no válido IND9100130872
Fuente SpMaBN
035 ## - NÚMERO DE CONTROL DEL SISTEMA
Número de control de sistema (OCoLC)851334504
035 ## - NÚMERO DE CONTROL DEL SISTEMA
Número de control de sistema bimo0000685314
040 ## - FUENTE DE CATALOGACIÓN
Centro catalogador/agencia de origen SpMaBN
Lengua de catalogación spa
Centro/agencia transcriptor A2
Centro/agencia modificador ES-MaACL
080 ## - NÚMERO DE LA CLASIFICACIÓN DECIMAL UNIVERSAL
Número de la Clasificación Decimal Universal 92:235.3
080 ## - NÚMERO DE LA CLASIFICACIÓN DECIMAL UNIVERSAL
Número de la Clasificación Decimal Universal 235.3:92
245 03 - MENCIÓN DEL TÍTULO
Título El cristianismo y sus héroes.
Número de parte o sección de la obra Tomo segundo /
Mención de responsabilidad, etc. obra escrita por una sociedad de autores católicos ; bajo la dirección de Jaime Cardona, Obispo de Sión ; precedida de una carta autógrafa del Arzobispo-Obispo de Madrid-Alcalá ; y seguido de un juicio crítico del Cardenal Arzobispo de Toledo.
260 ## - PUBLICACIÓN, DISTRIBUCIÓN, ETC.
Lugar de publicación, distribución, etc. Madrid :
Nombre del editor, distribuidor, etc. Mariano Núñez Samper Editor,
Fecha de publicación, distribución, etc. [1905?]
300 ## - DESCRIPCIÓN FÍSICA
Extensión 981 p. :
Otras características físicas il. ;
Dimensiones 33 cm
336 ## - TIPO DE CONTENIDO
Fuente rdacontent
Término de tipo de contenido texto
337 ## - TIPO DE MEDIO
Fuente rdamedia
Nombre/término del tipo de medio sin mediación
338 ## - TIPO DE SOPORTE
Fuente rdacarrier
Nombre/término del tipo de soporte volumen
500 ## - NOTA GENERAL
Nota general Texto a 2 col.
650 #7 - PUNTO DE ACCESO ADICIONAL DE MATERIA--TÉRMINO DE MATERIA
Término de materia o nombre geográfico como elemento de entrada Santos cristianos-
Subdivisión general Biografías
9 (RLIN) 159200
655 #0 - TERMINO DE INDIZACIÓN--GENERO/FORMA
Datos o término principal de género/forma Biografías
9 (RLIN) 176647
700 1# - ENTRADA AGREGADA--NOMBRE PERSONAL
Nombre de persona Cardona, Jaime,
Fechas asociadas al nombre 1838-1923
9 (RLIN) 126331
852 ## - LOCALIZACIÓN
Ubicación ES-MaACL
Ubicación en estantería Depósito 2
Número de control de estantería G-15983
Donativo/Legado Legado: Juan Antonio Porto
Encuadernación Encuadernación holandesa
itemnumber 203316
903 ## - NOMBRE PERSONAL DE DONANTE
9 93285
a Porto, Juan Antonio,
q 1
d 1937-2021
e Donante
942 ## - ELEMENTOS DE ENTRADA SECUNDARIOS (KOHA)
Suprimir en OPAC No
Tipo de ítem Koha Libro impreso
Holdings
Estatus retirado Estado de pérdida Fuente del sistema de clasificación o colocación Estado de daño No para préstamo Biblioteca de origen Biblioteca actual Ubicación en estantería Fecha de adquisición Fuente de adquisición Total de préstamos Signatura topográfica completa Código de barras Visto por última vez Precio de reemplazo Tipo de ítem Koha
    Clasificación decimal universal     Biblioteca del Ateneo de Madrid Biblioteca del Ateneo de Madrid Depósito 2 11/06/2024 Legado   G-15983 101228364 11/06/2024 11/06/2024 Libro impreso